000 01023nmc a2200313 a 4500
003 AR-BaBNM
005 20251128210349.0
008 010020s1999 ||||||||||||||000 | spa||
020 _a987-9336-23-2
040 _cAR-BaBNM
245 1 0 _aMarcelo T. de Alvear
_bde la revolución a la legislatura
260 _aBuenos Aires
_bCírculo de Legisladores de la Nación Argentina
_c1999
300 0 _a95 p.
490 0 _aVidas, ideas y obras de los legisladores argentinos
_vv. 32
500 0 _aContiene textos parlamentarios de Marcelo T. de Alvear
504 _aBibliografía p. 35-36
600 1 4 _aAlvear, Marcelo Torcuato de
_d1868-1942
650 4 _aHISTORIA ARGENTINA
650 4 _aBIOGRAFIAS
650 4 _aHISTORIA POLITICA ARGENTINA
650 4 _aLEGISLACION ARGENTINA
650 4 _aSIGLO VEINTE
650 4 _aPARTIDOS POLITICOS ARGENTINOS
655 _aBIOGRAFIAS
700 1 _aGallo, Edit Rosalía
_eprologuista
800 1 _aMárquez, Alfonso Carlos
_edirector
942 _cBK
998 _cMariana
999 _c15151
_d15151